000 nam a22 a 4500
999 _c2174
_d2174
005 20170515145621.0
008 940321s1992 enka || 001 ||eng
020 _a0749408138
040 _aAKMAL
082 _a370.1523 ROW
090 _a370.1523
_bROW
100 1 _a Rowntree, Derek.
_94570
245 1 0 _aExploring open and distance learning
_cDerek Rowntree
260 _a London
_b Kogan Page,
_c1992.
300 _a 299p. :
_b ill. ;
_c24 cm
490 _aOpen and distance learning series
500 _aPublished in association with the Open University.
830 _a Open and distance learning series.
_94571
852 _a British Library
_bHMNTS
942 _2ddc
_cBOOK